UBT Library

GREAT SHORT WORKS (Record no. 59423)

000 -LEADER
fixed length control field 00311nam a22001457a 4500
008 - FIXED-LENGTH DATA ELEMENTS--GENERAL INFORMATION
fixed length control field 230322b ||||| |||| 00| 0 eng d
020 ## - INTERNATIONAL STANDARD BOOK NUMBER
International Standard Book Number 0060727853
041 ## - LANGUAGE CODE
Language code of text/sound track or separate title eng
080 ## - UNIVERSAL DECIMAL CLASSIFICATION NUMBER
Universal Decimal Classification number 159.9
082 ## - DEWEY DECIMAL CLASSIFICATION NUMBER
Classification number 159.9ALL
100 ## - Rafti
Rafti 25
101 ## - Shkurtesa
Shkurtesa PSI
245 ## - TITLE STATEMENT
Title GREAT SHORT WORKS
Statement of responsibility, etc EDGAR A P
942 ## - ADDED ENTRY ELEMENTS (KOHA)
Source of classification or shelving scheme
Item type Books
Holdings
Withdrawn status Lost status Source of classification or shelving scheme Damaged status Not for loan Collection code Permanent location Current location Date acquired Total Checkouts Full call number Barcode Date last seen Price effective from Koha item type
          Koleksioni i përgjithshem UBT - Lipjan UBT - Lipjan 03/22/2023   159.9ALL 002-8002049 03/22/2023 03/22/2023 Books
          Koleksioni i përgjithshem UBT - Lipjan UBT - Lipjan 03/22/2023   159.9ALL 002-8002050 03/22/2023 03/22/2023 Books
          Koleksioni i përgjithshem UBT - Lipjan UBT - Lipjan 03/22/2023   159.9ALL 002-8002051 03/22/2023 03/22/2023 Books
          Koleksioni i përgjithshem UBT - Lipjan UBT - Lipjan 03/22/2023   159.9ALL 002-8002052 03/22/2023 03/22/2023 Books
          Koleksioni i përgjithshem UBT - Lipjan UBT - Lipjan 03/22/2023   159.9ALL 002-8002053 03/22/2023 03/22/2023 Books
UBT Library © 2015-2024. All rights reserved University Education for Business and Technology